The institutes of the Christian religion / (Record no. 409)

MARC details
000 -LEADER
fixed length control field 01044cam a2200301 a 4500
001 - CONTROL NUMBER
control field 3369212
003 - CONTROL NUMBER IDENTIFIER
control field GBCCL
005 - DATE AND TIME OF LATEST TRANSACTION
control field 20241126110337.0
008 - FIXED-LENGTH DATA ELEMENTS--GENERAL INFORMATION
fixed length control field 871214s1987 miu 000 0 eng
020 ## - INTERNATIONAL STANDARD BOOK NUMBER
International Standard Book Number 0664220207
040 ## - CATALOGING SOURCE
Original cataloging agency DLC
Transcribing agency DLC
Modifying agency DLC
041 1# -
-- eng
-- lat
050 00 -
-- BX9420
-- .I65 1987
082 00 - DEWEY DECIMAL CLASSIFICATION NUMBER
Classification number 230.42
Edition information 19
Item number CAL
100 1# - MAIN ENTRY--PERSONAL NAME
Personal name Calvin, Jean,
Dates associated with a name 1509-1564.
9 (RLIN) 568
245 14 - TITLE STATEMENT
Title The institutes of the Christian religion /
Statement of responsibility, etc. John Calvin ; edited by John T McNeill [and translated and indexed] by Ford Lewis Battles
260 ## - PUBLICATION, DISTRIBUTION, ETC.
Place of publication, distribution, etc. Philadelphia :
Name of publisher, distributor, etc. The Westminster press,
300 ## - PHYSICAL DESCRIPTION
Extent 2v. ;
Dimensions 20 cm.
440 ## - SERIES STATEMENT/ADDED ENTRY--TITLE
Title The library of christian classics
9 (RLIN) 569
650 #0 - SUBJECT ADDED ENTRY--TOPICAL TERM
Topical term or geographic name entry element Reformed Church
General subdivision Doctrines
-- Early works to 1800.
9 (RLIN) 570
650 #0 - SUBJECT ADDED ENTRY--TOPICAL TERM
Topical term or geographic name entry element Theology, Doctrinal
General subdivision Early works to 1800.
9 (RLIN) 571
700 1# - ADDED ENTRY--PERSONAL NAME
Personal name John T McNeill
9 (RLIN) 572
700 1# - ADDED ENTRY--PERSONAL NAME
Personal name Ford Lewis Battles
9 (RLIN) 573
830 ## -
-- The library of christian classics
-- 569
906 ## - LOCAL DATA ELEMENT F, LDF (RLIN)
a 7
b cbc
c orignew
d 1
e ocip
f 19
g y-gencatlg
942 ## - ADDED ENTRY ELEMENTS (KOHA)
Source of classification or shelving scheme Dewey Decimal Classification
Koha item type Books
Koha issues (borrowed), all copies 2
Holdings
Withdrawn status Lost status Source of classification or shelving scheme Damaged status Not for loan Home library Current Library Shelving location Date acquired Total checkouts Full call number Barcode Date last seen Copy number Price effective from Koha item type Date last checked out
    Dewey Decimal Classification     GRACE BIBLE COLLEGE GRACE BIBLE COLLEGE Theology 2016-10-26   230.42 CAL 000411 2025-05-01 v.1 2016-10-26 Books  
    Dewey Decimal Classification     GRACE BIBLE COLLEGE GRACE BIBLE COLLEGE Theology 2016-10-26 3 230.42 CAL 000412 2025-05-01 v.2 2016-10-26 Books 2025-01-27
    Dewey Decimal Classification     GRACE BIBLE COLLEGE GRACE BIBLE COLLEGE Theology 2017-05-04   230.42 CAL 001230 2025-05-01 v.2 c.2 2017-05-04 Books  
© Grace Bible College Library 2025